| 000 | 00907cam a2200277 a 4500 | ||
|---|---|---|---|
| 999 |
_c25022 _d25022 |
||
| 001 | 613662 | ||
| 003 | OSt | ||
| 005 | 20210310114406.0 | ||
| 008 | 920323s1992 kyu b 000 0 eng | ||
| 010 | _a 92002318 | ||
| 020 | _a0664253237 (pbk. : alk. paper) | ||
| 040 |
_aMMU _cMMU _dMMU _beng |
||
| 050 | 0 | 0 |
_aBT736.2 _b.W3443 1992 |
| 082 | 0 | 0 |
_a241/.6242 _220 |
| 245 | 0 | 0 |
_aWar in the twentieth century : _bsources in theological ethics / _cRichard B. Miller, editor. |
| 250 | _a1st ed. | ||
| 260 |
_aLouisville, Ky. : _bWestminster/John Knox Press, _cc1992. |
||
| 300 |
_axviii, 469 p. ; _c23 cm. |
||
| 440 | 0 | _aLibrary of theological ethics | |
| 500 | _aIncludes bibliographical references. | ||
| 650 | 0 |
_aWar _xReligious aspects _xChristianity. |
|
| 650 | 0 |
_aWar _xMoral and ethical aspects. |
|
| 650 | 0 | _aJust war doctrine. | |
| 700 | 1 |
_aMiller, Richard Brian, _d1953- |
|
| 942 |
_2lcc _cLOAN LOAN |
||